[Event "Bedford e2e4 U2000"]
[Site "Bedford"]
[Date "2013.09.22"]
[Round "5"]
[White "Gardner, James"]
[Black "Somton, Anita"]
[Result "1-0"]
[WhiteElo "1856"]
[BlackElo "1472"]
[PlyCount "81"]
[EventDate "2013.09.20"]
[EventType "swiss"]
[EventRounds "5"]
[EventCountry "ENG"]
[SourceTitle "EXT 2023"]
[Source "ChessBase"]
[SourceDate "2022.10.05"]
[SourceVersion "1"]
[SourceVersionDate "2022.10.05"]
[SourceQuality "1"]

1. d4 Nf6 2. c4 g6 3. Nc3 Bg7 4. e4 d6 5. Nf3 0-0 6. Be2 c5 7. 0-0 cxd4 8. Nxd4 Nc6 9. Be3 Ng4 10. Bxg4 Bxg4 11. Qxg4 Nxd4 12. Bxd4 Bxd4 13. Qf3 Rc8 14. Qd3 Bg7 15. Rac1 Qd7 16. b3 Rc5 17. Na4 Rh5 18. Rfd1 Qg4 19. h3 Qe6 20. c5 Rc8 21. cxd6 Rxc1 22. Rxc1 Qxd6 23. Rc8+ Bf8 24. Qc2 Kg7 25. Nb2 e6 26. Nc4 Qf4 27. Qd3 Bb4 28. Qd4+ e5 29. Qe3 Qg5 30. Qxg5 Rxg5 31. Rb8 b6 32. Rb7 Bc5 33. a3 a5 34. a4 Kf6 35. Nxb6 Bb4 36. Nd5+ Ke6 37. h4 Rg4 38. Rb6+ Bd6 39. Nf6 Rxh4 40. g3 Rh6 41. Ne8 1-0

[Event "Bedford e2e4 U2000"]
[Site "Bedford"]
[Date "2013.09.21"]
[Round "2"]
[White "Gardner, James"]
[Black "Holton, Jake"]
[Result "1-0"]
[WhiteElo "1856"]
[BlackElo "1404"]
[PlyCount "49"]
[EventDate "2013.09.20"]
[EventType "swiss"]
[EventRounds "5"]
[EventCountry "ENG"]
[SourceTitle "EXT 2023"]
[Source "ChessBase"]
[SourceDate "2022.10.05"]
[SourceVersion "1"]
[SourceVersionDate "2022.10.05"]
[SourceQuality "1"]

1. d4 d5 2. c4 e6 3. Nc3 Nf6 4. cxd5 exd5 5. Bg5 Bb4 6. Qa4+ Nc6 7. e3 0-0 8. Bd3 Re8 9. Nge2 Bd7 10. Qc2 h6 11. Bh4 g5 12. Bg3 Ne4 13. 0-0 Bxc3 14. bxc3 Bf5 15. f3 Nxg3 16. Nxg3 Bxd3 17. Qxd3 Na5 18. Nf5 Re6 19. Rae1 c6 20. e4 Qd7 21. e5 Nc4 22. f4 g4 23. Ng3 Rae8 24. f5 Nxe5 25. fxe6 1-0

[Event "Bedford e2e4 U2000"]
[Site "Bedford"]
[Date "2013.09.20"]
[Round "1"]
[White "Gardner, James"]
[Black "Valentine, Brian J"]
[Result "1/2-1/2"]
[WhiteElo "1856"]
[BlackElo "1941"]
[PlyCount "76"]
[EventDate "2013.09.20"]
[EventType "swiss"]
[EventRounds "5"]
[EventCountry "ENG"]
[SourceTitle "EXT 2023"]
[Source "ChessBase"]
[SourceDate "2022.10.05"]
[SourceVersion "1"]
[SourceVersionDate "2022.10.05"]
[SourceQuality "1"]

1. d4 Nf6 2. c4 e6 3. Nc3 Bb4 4. Qc2 0-0 5. a3 Bxc3+ 6. Qxc3 d6 7. Bg5 Nbd7 8. e3 c5 9. Nf3 b6 10. Rd1 Bb7 11. dxc5 dxc5 12. Bd3 h6 13. Bf4 Qc8 14. Ne5 Rd8 15. Nxd7 Nxd7 16. 0-0 Re8 17. e4 e5 18. Be3 Nf8 19. f4 exf4 20. Rxf4 Ng6 21. Rf3 Qe6 22. Rdf1 Re7 23. Bf2 Ne5 24. Rg3 f6 25. Be2 Rd8 26. b3 Bxe4 27. h3 Bb7 28. Re1 Qc6 29. Kh1 Red7 30. Be3 Kh8 31. Bf4 Rd4 32. Bxe5 fxe5 33. Bf3 Qc7 34. Bxb7 Qxb7 35. Rxe5 Qf7 36. Rf3 Qg6 37. Ref5 Qd6 38. Rf1 Rd1 1/2-1/2